2026 Winter Olympics Medal Table - Statistics

General Stats
  • This quiz has been taken 29,392 times
    29,375 since last reset
  • The average score is 17 of 20
Answer Stats
G S B Country % Correct
12 12 9 United States
100%
5 7 9 Canada
97%
18 12 11 Norway
97%
8 6 4 Sweden
96%
5 4 6 China
95%
10 6 14 Italy
95%
8 9 6 France
94%
8 10 8 Germany
93%
5 7 12 Japan
93%
3 1 1 Great Britain
92%
6 9 8 Switzerland
87%
1 0 2 Spain
84%
5 8 5 Austria
83%
10 7 3 Netherlands
83%
3 4 3 South Korea
81%
3 2 1 Australia
78%
1 0 0 Brazil
69%
2 2 1 Czechia
64%
2 1 1 Slovenia
58%
1 0 0 Kazakhstan
45%
No matching quizzes found
Score Distribution
Percent of People with Each Score
Percentile by Number Answered
Your Score History
You have not taken this quiz since the last reset